[Event "4NCL Division 2b"]
[Site "Birmingham, ENG ENG"]
[Date "2016.01.24"]
[Round "4.27"]
[White "Waters, Clive L"]
[Black "Walker, Nicholas P"]
[Result "1-0"]
[WhiteElo "2207"]
[BlackElo "2177"]
[PlyCount "123"]
[EventDate "2016.01.24"]
[WhiteTeam "North East England"]
[BlackTeam "Hackney 1"]

1. e4 e6 2. Nf3 d5 3. Nc3 Nf6 4. e5 Nfd7 5. d4 c5 6. dxc5 Bxc5 7. Bd3 Nc6 8.
Bf4 Qb6 9. O-O Qb4 10. Bg3 a6 11. a3 Qg4 12. Qd2 Nd4 13. Nxd4 Bxd4 14. Be2 Bxc3
15. bxc3 Qa4 16. Rfb1 Nc5 17. f3 Bd7 18. Rb4 Qc6 19. Bh4 h6 20. Rab1 b5 21. Rg4
g5 22. Bf2 Qc7 23. h4 Na4 24. Bd4 f5 25. exf6 e5 26. Qe3 Kf7 27. Bxe5 Rhe8 28.
f4 Nxc3 29. hxg5 Nxe2+ 30. Qxe2 Qc5+ 31. Kf1 hxg5 32. Rxg5 Rh8 33. Rh5 Kg6 34.
g4 Kf7 35. Rb4 Rxh5 36. gxh5 Rg8 37. Bd4 Qd6 38. Qe5 Qe6 39. Qxe6+ Bxe6 40. Rb3
Rg4 41. Be5 d4 42. Rf3 Bc4+ 43. Ke1 Rh4 44. Rg3 Rxh5 45. Rg7+ Ke8 46. Re7+ Kf8
47. Bxd4 a5 48. Ra7 b4 49. axb4 axb4 50. Rc7 Rh1+ 51. Kd2 Rh2+ 52. Kc1 Be6 53.
Bc5+ Kg8 54. Bxb4 Rg2 55. Kb2 Bf7 56. Bc3 Re2 57. Be5 Re3 58. c4 Rd3 59. Kc2
Ra3 60. Kd2 Rf3 61. c5 Bd5 62. c6 1-0

[Event "4NCL Division 2b"]
[Site "Birmingham, ENG ENG"]
[Date "2016.01.24"]
[Round "4.284"]
[White "Chin, Francis"]
[Black "Coathup, Roger H"]
[Result "0-1"]
[WhiteElo "2102"]
[BlackElo "2185"]
[EventDate "2016.01.24"]
[PlyCount "56"]
[WhiteTeam "Hackney 1"]
[BlackTeam "North East England"]

1.d4 Nf6 2.Nf3 g6 3.c4 Bg7 4.Nc3 O-O 5.g3 d6 6.Bg2 Nc6 7.O-O a6 8.e4 Bg4 
9.Be3 Nd7 10.Qd2 e5 11.d5 Bxf3 12.Bxf3 Nd4 13.Bg2 c5 14.Rab1 f5 15.b4 Rc8 
16.bxc5 Nxc5 17.exf5 Nxf5 18.Rb4 Nxe3 19.Qxe3 Qa5 20.Rfb1 Rc7 21.Qe2 e4 
22.Nxe4 Nxe4 23.Qxe4 Qc5 24.Kh1 Qxf2 25.Qe6+ Rff7 26.Rxb7 Qxa2 27.Rb8+ Bf8
28.Qxd6 Qxb1+ 0-1

[Event "4NCL Division 2b"]
[Site "Birmingham, ENG ENG"]
[Date "2016.01.24"]
[Round "4.285"]
[White "Henderson, David"]
[Black "Booth, Richard"]
[Result "1-0"]
[WhiteElo "2155"]
[BlackElo "2020"]
[EventDate "2016.01.24"]
[PlyCount "21"]
[WhiteTeam "North East England"]
[BlackTeam "Hackney 1"]

1.e4 e5 2.Nf3 Nc6 3.Bb5 f5 4.d4 fxe4 5.Nxe5 Nxe5 6.dxe5 c6 7.Nc3 cxb5 8.
Nxe4 Qc7 9.O-O Nh6 10.Re1 Rg8 11.Bxh6 1-0

[Event "4NCL Division 2b"]
[Site "Birmingham, ENG ENG"]
[Date "2016.01.24"]
[Round "4.30"]
[White "Yurenok, Maria S"]
[Black "Dargan, Paul A G"]
[Result "0-1"]
[WhiteElo "2020"]
[BlackElo "2140"]
[PlyCount "70"]
[EventDate "2016.01.24"]
[WhiteTeam "Hackney 1"]
[BlackTeam "North East England"]

1. d4 e6 2. c4 Nf6 3. Nc3 Bb4 4. Qc2 O-O 5. a3 Bxc3+ 6. Qxc3 b6 7. f3 d5 8. e3
Ba6 9. Bd3 Nbd7 10. Ne2 c5 11. cxd5 cxd4 12. exd4 Nxd5 13. Qd2 Bxd3 14. Qxd3
Rc8 15. Bd2 Qh4+ 16. g3 Qh3 17. Kf2 Rfd8 18. Nc3 Ne5 19. Qe2 Nc4 20. Nxd5 exd5
21. Bc3 Re8 22. Qf1 Qf5 23. Qb1 Qh5 24. h4 f5 25. b3 Re3 26. g4 fxg4 27. bxc4
Rxf3+ 28. Kg2 Rxc3 29. Ra2 R8xc4 30. Re2 Qg6 31. Qb5 Qc6 32. Re8+ Kf7 33. Rhe1
Qxb5 34. R1e7+ Kg6 35. Re6+ Kh5 0-1

[Event "4NCL Division 2b"]
[Site "Birmingham, ENG ENG"]
[Date "2016.01.24"]
[Round "4.287"]
[White "Moreby, James"]
[Black "Bowmer, Kevin"]
[Result "0-1"]
[WhiteElo "2030"]
[BlackElo "2050"]
[EventDate "2016.01.24"]
[PlyCount "54"]
[WhiteTeam "North East England"]
[BlackTeam "Hackney 1"]

1.e4 c5 2.d4 cxd4 3.c3 dxc3 4.Nxc3 Nc6 5.Nf3 d6 6.Bc4 a6 7.O-O Nf6 8.Bf4 
Bg4 9.h3 Bxf3 10.Qxf3 e6 11.Rfd1 Qb8 12.Rac1 Be7 13.Na4 b5 14.e5 Nxe5 15.
Bxe5 O-O 16.Rxd6 Bxd6 17.Bxf6 gxf6 18.Qxf6 {(=)} 18...Be5 19.Qg5+ Bg7 20.
Bd3 bxa4 21.Rc5 Rd8 22.Bc2 Rc8 23.Qh5 f5 24.Bxf5 exf5 25.Qxf5 Rxc5 26.Qxc5
Qe5 27.Qc4+ Kh8 0-1

[Event "4NCL Division 2b"]
[Site "Birmingham, ENG ENG"]
[Date "2016.01.24"]
[Round "4.32"]
[White "Balloglu, Piro"]
[Black "Malola, Prasath.T.S"]
[Result "0-1"]
[WhiteElo "1959"]
[BlackElo "2095"]
[PlyCount "114"]
[EventDate "2016.01.24"]
[WhiteTeam "Hackney 1"]
[BlackTeam "North East England"]

1. e4 Nc6 2. Nf3 d6 3. d4 a6 4. h3 Nf6 5. Nc3 g6 6. Bg5 Bg7 7. Qd2 h6 8. Be3 e6
9. a3 Qe7 10. Bc4 Nxe4 11. Nxe4 d5 12. Bd3 dxe4 13. Bxe4 Bd7 14. Bd3 e5 15.
dxe5 Nxe5 16. Nxe5 Bxe5 17. O-O-O Qf6 18. Qb4 Bc6 19. f4 Bd6 20. Qd2 Bxa3 21.
c3 O-O-O 22. Bd4 Rxd4 23. cxd4 Bd6 24. Rhf1 Kb8 25. Bc2 Bd5 26. g3 h5 27. Kb1
Rd8 28. h4 Qg7 29. Qa5 Bc4 30. Rfe1 Qf8 31. Re3 f5 32. Bb3 Bb5 33. Qe1 Bb4 34.
Qf2 a5 35. Qc2 Bc6 36. d5 Be8 37. Rc1 Qg7 38. Qc4 Bd2 39. Rxe8 Rxe8 40. Rc2 Re4
41. Qd3 Bb4 42. Qb5 Qd4 43. Qd7 Bd6 44. Rc3 Re1+ 45. Ka2 Qg1 46. Bc2 Ra1+ 47.
Kb3 a4+ 48. Kc4 Qc5+ 49. Kd3 Qxd5+ 50. Ke2 Qg2+ 51. Ke3 Qxg3+ 52. Ke2 Qe1+ 53.
Kf3 Qf1+ 54. Ke3 Qxf4+ 55. Ke2 Qf1+ 56. Ke3 Re1+ 57. Kd4 Qf4+ 0-1